000
00265nam a2200097Ia 4500
008
220204s9999 xx 000 0 und d
082
_a
339.564(058)(540)
_b
FIE
245
0
_a
Indian exports directory 1996
260
_a
New Delhi
_b
Veedhi's Publishing
_c
1996
942
_c
BK
999
_c
41021
_d
41021